Proceedings of the American Congress on Surveying and Mapping ... annual meeting.

Saved in:
Bibliographic Details
New Title:American Congress on Surveying and Mapping. Meeting. Technical papers of the American Congress on Surveying and Mapping
Previous Title:American Congress on Surveying and Mapping. Meeting. Papers from the ... annual meeting
Corporate Author: American Congress on Surveying and Mapping. Meeting
Format: Serial
Language:English
Published: Washington, D.C. : ACSM.
Subjects:
LEADER 02421cas a2200529 a 4500
001 c000268497
003 CARM
005 20181019125633.0
008 780427d19721979dcuar 1 a0eng d
010 |a 79640333 
019 1 |a 1428616  |z 43432351  |5 LACONCORD2021 
022 |a 0161-0945  |z 0065-7905 
022 0 |a 0161-0945  |y 0065-7905 
030 |a ACPMBQ 
035 |a (OCoLC)3831014  |5 LACONCORD2021 
040 |a LC  |b eng  |c LC  |d AMG 
042 |a nsdp  |a lc 
043 |a n-us--- 
050 0 0 |a TA501  |b .A638 
082 0 4 |a 526.05  |2 20 
110 2 |a American Congress on Surveying and Mapping.  |b Meeting. 
210 0 |a Proc. Am. Congr. Surv. Mapp 
222 0 |a Proceedings of the American Congress on Surveying and Mapping annual meeting 
245 1 0 |a Proceedings of the American Congress on Surveying and Mapping ... annual meeting. 
260 |a Washington, D.C. :  |b ACSM. 
300 |a 8 v. :  |b ill. ;  |c 22 cm. 
362 0 |a 32nd (1972)-39th (1979) 
500 |a Title varies slightly. 
510 2 |a GeoRef,  |x 0197-7482 
650 0 |a Surveying  |v Congresses. 
650 0 |a Cartography  |v Congresses. 
780 0 0 |a American Congress on Surveying and Mapping. Meeting.  |t Papers from the ... annual meeting  |x 0065-7913 
785 0 0 |a American Congress on Surveying and Mapping. Meeting.  |t Technical papers of the American Congress on Surveying and Mapping  |x 0277-2876  |g 1980 
852 8 |b CARM  |i B12518  |p 0227976  |j 32(1972)  |f SE 
852 8 |b CARM  |h A1:AM06A0  |i A04673  |p 0385535  |j 34(1974)  |f SE 
852 8 |b CARM  |i B12519  |p 0227980  |j 33(1973),35(1975)-39(1979)  |f SE 
852 8 |b SCAN  |h A3:AH05B0  |i B12518  |p 0227976  |f SE 
852 8 |b SCAN  |h A3:AH07B0  |i B12519  |p 0227980  |f SE 
852 8 |b SCAN  |h A3:AH05B0  |i B12518  |p 0227976  |f SE 
852 8 |b SCAN  |h A3:AH07B0  |i B12519  |p 0227980  |f SE 
866 0 |a 32(1972)-39(1979) Inc. 
999 f f |i 181272cd-2e6c-5aa6-97a9-64c6f406065d  |s 1105344d-9d81-57a6-82eb-aa0658c0443f 
952 f f |p Can circulate  |a CAVAL  |b CAVAL  |c CAVAL  |d CARM 1 Store  |e B12518  |h Other scheme  |i book  |k 32(1972)  |m 0227976 
952 f f |p Can circulate  |a CAVAL  |b CAVAL  |c CAVAL  |d CARM 1 Store  |e A04673  |f A1:AM06A0  |h Other scheme  |i book  |k 34(1974)  |m 0385535 
952 f f |p Can circulate  |a CAVAL  |b CAVAL  |c CAVAL  |d CARM 1 Store  |e B12519  |h Other scheme  |i book  |k 33(1973),35(1975)-39(1979)  |m 0227980 
952 f f |a CAVAL  |b CAVAL  |c CAVAL  |d Unmapped Location  |e B12519  |f A3:AH07B0  |h Other scheme 
952 f f |a CAVAL  |b CAVAL  |c CAVAL  |d Unmapped Location  |e B12518  |f A3:AH05B0  |h Other scheme